000 00636nam a22002417a 4500
003 UA-OsUOA
001 27941
007 ta
008 20040916b un ||||| |||| 00| 0 ukr d
100 _aДымов Ян
090 _a796.81
_bД88
942 _cBK
040 _aUA-OsUOA
_brus
_cUA-OsUOA
_dUA-OsUOA
245 _aИ дружбой сильны богатыри
_bРассказы о сильнейших борцах мира
300 _a272 с.
_bІлюстрації
955 _a0
041 _arus
080 _a796.81
260 _aКиев
_bМолодь
_c1983
044 _aRU
650 7 _2UDC
999 _c314293
_d314293